[Event "Titled Tuesday 22nd Sept"]
[Site "chess.com INT"]
[Date "2020.09.22"]
[Round "3"]
[White "Karjakin, Sergey"]
[Black "Barrientos, S."]
[Result "1-0"]
[WhiteElo "2752"]
[BlackElo "2457"]
[PlyCount "55"]
[EventDate "2020.09.22"]
[EventType "swiss (blitz)"]
[EventRounds "10"]
[SourceTitle "The Week in Chess 1351"]
[Source "Mark Crowther"]
[SourceDate "2020.09.28"]
[SourceVersion "1"]
[SourceVersionDate "2020.09.28"]
[SourceQuality "2"]

1. e4 c5 2. Nf3 e6 3. d4 cxd4 4. Nxd4 a6 5. Bd3 b5 6. O-O Bb7 7. a4 Nc6 8. Nb3
b4 9. Be3 Nf6 10. f4 d5 11. e5 Nd7 12. N1d2 Be7 13. Qh5 g6 14. Qh6 Bf8 15. Qh3
Bg7 16. Nf3 O-O 17. Ng5 h6 18. Nxe6 fxe6 19. Qxe6+ Rf7 20. Bxg6 Qe8 21. Qxd5
Nd8 22. Bxf7+ Qxf7 23. Qxf7+ Kxf7 24. Rfd1 Ke8 25. Rd2 Rc8 26. Rad1 Bc6 27. Nd4
Nf8 28. Nf5 1-0

[Event "Chess.com Bullet Open 1"]
[Site "chess.com INT"]
[Date "2020.12.19"]
[Round "6"]
[White "Karjakin, Sergey"]
[Black "Kane, J."]
[Result "1/2-1/2"]
[WhiteElo "2752"]
[BlackElo "2240"]
[PlyCount "122"]
[EventDate "2020.12.19"]
[EventType "swiss (blitz)"]
[EventRounds "21"]
[SourceTitle "The Week in Chess 1363"]
[Source "Mark Crowther"]
[SourceDate "2020.12.21"]
[SourceVersion "1"]
[SourceVersionDate "2020.12.21"]
[SourceQuality "2"]

1. e4 e5 2. Nf3 Nc6 3. Bc4 Nf6 4. Ng5 Bc5 5. Bxf7+ Ke7 6. Bb3 Rf8 7. O-O d6 8.
d3 Bg4 9. Qe1 h6 10. h3 hxg5 11. hxg4 Qd7 12. Qe2 Nd4 13. Qd1 Nxg4 14. Bxg5+
Ke8 15. Nd2 Nxf2 16. Qh5+ Rf7 17. Qxf7+ Qxf7 18. Bxf7+ Kxf7 19. Rxf2+ Kg6 20.
Be3 Nxc2 21. Bxc5 Nxa1 22. Be3 Nc2 23. Nc4 Nb4 24. a3 Nxd3 25. Rf3 b5 26. Rg3+
Kf7 27. Nd2 Nxb2 28. Rf3+ Ke6 29. Nb3 Nc4 30. Rg3 a5 31. Bc1 a4 32. Na1 c5 33.
Rxg7 b4 34. axb4 cxb4 35. Rb7 b3 36. Kf1 Rg8 37. Kf2 Rg4 38. Nxb3 Rg8 39. Nd2
Rf8+ 40. Ke2 Na5 41. Ra7 Nc6 42. Rxa4 Nd4+ 43. Rxd4 exd4 44. Nf3 Rg8 45. Kf2 d3
46. Bb2 Rc8 47. Nd4+ Ke5 48. Ke3 Kf6 49. Kxd3 Kg5 50. Nf5 Kg4 51. Ne3+ Kg3 52.
Nd5 Kxg2 53. Ne7 Rd8 54. Nc6 Re8 55. Ba3 Rxe4 56. Bxd6 Kh3 57. Kxe4 Kg2 58. Kd5
Kh1 59. Be5 Kg2 60. Nd4 Kh3 61. Nf5 Kg2 1/2-1/2

[Event "Morelia/Linares 25th"]
[Site "Morelia/Linares"]
[Date "2008.02.16"]
[Round "2"]
[White "Ivanchuk, Vassily"]
[Black "Leko, Peter"]
[Result "1-0"]
[WhiteElo "2751"]
[BlackElo "2753"]
[Annotator "Marin,M"]
[PlyCount "85"]
[EventDate "2008.02.15"]
[EventType "tourn"]
[EventRounds "14"]
[EventCountry "ESP"]
[EventCategory "21"]
[SourceTitle "CBM 123"]
[Source "ChessBase"]
[SourceDate "2008.04.02"]
[SourceVersion "1"]
[SourceVersionDate "2008.04.02"]
[SourceQuality "1"]

1. e4 e5 2. Nf3 Nc6 3. Bb5 a6 4. Ba4 Nf6 5. O-O Be7 6. Re1 b5 7. Bb3 O-O 8. d4
$5 Nxd4 9. Bxf7+ $5 ({Later in the same tournament, Ivanchuk obtained an
advantage with the more normal continuation} 9. Nxd4 exd4 10. e5 {, although
he later blundered a piece, Ivanchuk,V (2751)-Aronian,L (2739)/Morelia/Linares
2008/CBM 123 (0-1, 60)}) 9... Rxf7 (9... Kxf7 10. Nxe5+ Kg8 {transposes to the
game.}) 10. Nxe5 Rf8 (10... Nc6 $2 11. Nxf7 Kxf7 12. e5 Ng8 13. Qh5+ Kf8 14.
Qf5+ Ke8 15. Qxh7 $18 {1-0 Palkovi,J (2410)-Lochte,T (2230)/Budapest 1994/EXT
97 (21)}) (10... Ne6 $5 {makes more sense.} 11. Nxf7 Kxf7 12. e5 Bb7 13. exf6
Bxf6 14. Nc3 Kg8 15. Nd5 Bd4 {Davies,A (2187)-Atalik,E (2400)/Ottawa 2007/CBM
119 ext (1/2-1/2, 37)} 16. Be3 $5 Bxb2 17. Rb1 Be5 18. c4 $14 {White has
completed his development and retains a small material advantage, with
acceptable stability in the centre.}) 11. Qxd4 {White has won a pawn, but he
is behind in development, while two of his developed pieces are exposed and
will cause him additional loss of time. Besides, Black has the pair of bishops.
} c5 12. Qd1 Qc7 {Black refrains from developing his queen's bishop yet,
because he hopes to prove it to be useful on its initial square, too.} (12...
Bb7 {is the more popular alternative, at least in correspondence games.} 13.
Nc3 Qe8 {The most consistent continuation. Black intends to put the enemy
kingside under strong pressure.} (13... d6 14. Nf3 b4 {help White improve the
placement of his knights.} 15. Nd5 Nxd5 16. exd5 Bf6 17. Qd3 Bc8 18. a3 $1 $14
{Todorcevic,M (2425)-Belkadi,R (2340)/Nice 1974/EXT 2000 (1-0, 58)}) (13... b4
14. Nd5 Nxd5 15. exd5 Bf6 {Howell,J (2370)-Blatny,P (2395)/Groningen 1985/EXT
2000 (1-0, 73)} 16. Nc4 $5 $14) (13... Qc7 {makes little sense because after}
14. Ng4 Nxg4 15. Qxg4 $14 {Rantanen,Y (2435)-Pinter,J (2535)/Helsinki 1983/MCD
(1/2-1/2, 44). Black does not have ...d5 at his disposal anymore.}) 14. Ng4 $6
{This helps Black develop his attack, but practice has not shown a clear way
for White yet.} Qg6 15. Nxf6+ Bxf6 16. Nd5 Rae8 $32 {Szczepanski,Z-Malinin,V/
URS corr 1990/Corr Nr. 1 [Malinin] (0-1, 29)}) 13. Ng4 Nxg4 14. Qxg4 d5 15. Qh5
dxe4 16. Qd5+ Kh8 17. Qxa8 {After making 7 moves, the queen has captured a
whole rook. However, she will soon be lost, which will lead to almost material
equality.} Bb7 18. Qa7 $146 {This novelty does not really save the queen, but
it will considerably slow down Black's counterplay.} (18. Qxf8+ Bxf8 19. Nd2
Bd6 20. Nf1 Be5 21. c3 h6 22. Be3 Bd5 23. h3 Bc4 24. Nd2 Bd3 25. a3 Bh2+ 26.
Kh1 Bd6 27. b4 cxb4 28. cxb4 Qc3 29. f3 exf3 {1/2-1/2 Vorobiov,E (2580)-Novik,
M (2466)/Sochi 2007/CBM 118 ext}) 18... Ra8 19. Bf4 {As pointed out by Dorian
Rogozenko, the purpose of this move is to temporarily drive the enemy queen
away from controlling of h2-square.} Qc6 20. Qxa8+ Bxa8 21. Be3 {White has
stabilized the position and Black needs to spend some time before attacking
the h2-pawn and provoking the desirable weakening of the white kingside.} Qf6
22. c3 Bd6 23. Nd2 Qe5 $6 {Although this is part of Black's main plan, he
should have delayed it slightly.} ({As pointed out by Rogozenko,} 23... Bc6 $5
{would have been better, preventing the opening of the a-file.} 24. Nb3 (24. a4
bxa4 25. Nc4 Bf8 {is OK for Black.}) 24... Qe5 25. g3 Be7 26. Rad1 h6 $44 {
and White cannot activate his rooks easily.}) 24. g3 h6 ({It is too late for} 
24... Bc6 $2 {already:} 25. Bf4 Qe6 26. Bxd6 e3 27. Rxe3 Qxd6 28. Ne4 $16 {
White has considerable material advantage. If necessary, he will be able to
consolidate his knight with f3, removing any danger of an attack.}) 25. a4 $14
{Once he has an additional open file for his rooks, White will have the better
position.} Bc6 26. axb5 axb5 27. Nb3 (27. c4 $5 b4 (27... Qxb2 28. Ra6 $1 $18)
(27... Qe7 28. Ra6 Qc7 29. Rea1 bxc4 30. Nxc4 $16) (27... Qe8 28. Ra6 $36) 28.
Ra6 Qe8 29. Nb3 $14) 27... Bf8 28. Red1 Bd5 29. h4 $5 (29. Nxc5 Bxc5 30. Bxc5
e3 31. Bxe3 Qe4 32. Rxd5 Qxd5 $14 {White is very stable and, strictly speaking,
has a small material advantage, but it is not easy to suggest a constructive
plan to improve his position decisively.}) ({After} 29. Nc1 $5 {Black could
achieve a more favourable form of the game position with} g5 $5 {, when his
kingside would be less weak.}) 29... Kg8 (29... Bxb3 $5 30. Rd8 Kg8 31. Raa8
Qf5 {White has an active position, but it is hard to prove that he can get
anything more than a... drawn opposite coloured bishops ending with an extra
pawn.} 32. Rac8 Be6 33. Rxf8+ (33. Rxc5 $2 Qf3 34. Kh2 h5 $3 35. Rc7 Bh3 $1 36.
Kxh3 Qh1#) 33... Qxf8 34. Rxf8+ Kxf8 35. Bxc5+ Kf7 $11) 30. Nc1 g5 $6 31. hxg5
hxg5 32. Ra5 $36 {Black's weaknesses along the 5th rank leave him struggling.}
Qc7 33. Ra6 Qf7 34. Rb6 Be7 35. Rxb5 Be6 36. Rb8+ Kg7 37. Rb7 Kh6 38. Re1 Qf6
39. Rb6 Qf5 40. Nb3 Kh5 41. Nd2 Bd7 42. Ra1 Bd8 43. Rb8 1-0

[Event "Graz op-A"]
[Site "Graz"]
[Date "2016.02.12"]
[Round "1"]
[White "Li, Chao B"]
[Black "Uksini, Bardhyl"]
[Result "1-0"]
[WhiteElo "2751"]
[BlackElo "2245"]
[Annotator "Schulz,André"]
[PlyCount "49"]
[EventDate "2016.02.12"]
[EventType "swiss"]
[EventRounds "9"]
[EventCountry "AUT"]
[SourceTitle "CBM 170 Extra"]
[Source "ChessBase"]
[SourceDate "2016.02.25"]
[SourceVersion "1"]
[SourceVersionDate "2016.02.25"]
[SourceQuality "1"]

1. Nf3 Nf6 2. c4 c6 3. d4 d5 4. Nc3 dxc4 5. a4 Bf5 6. e3 e6 7. Bxc4 Bb4 8. O-O
O-O 9. Qe2 Nbd7 10. e4 Bg4 11. Rd1 Qa5 12. h3 Bxf3 13. Qxf3 e5 14. d5 Nb6 15.
Bb3 Bxc3 16. bxc3 cxd5 17. exd5 Rac8 18. c4 Nxc4 19. Bg5 {[#]} Qa6 $2 {Ein
Fehler, der in dieser Position nicht zum ersten Mal geschieht. Schwarz möchte
f6 mit einer Figur decken, aber...} ({Richtig ist} 19... e4 {z.B.:} 20. Qf5 Nd6
21. Qe5 (21. Qf4 Qd8 $11) 21... Rfd8 22. Bxf6 gxf6 {und falls} 23. Qxf6 {dann}
Qc3) 20. d6 Nxd6 21. Bxf6 gxf6 22. Qxf6 $16 Nc4 (22... Ne8 23. Qxe5 Qf6 {
mit allerdings hässlicher Stellung war noch spielbar.}) 23. Qh4 Na5 {[#]} 24.
Bxf7+ Kh8 (24... Rxf7 25. Qg4+ $18) (24... Kxf7 25. Rd7+ Ke6 26. Qe7+ Kf5 27.
Qxh7+ {gefolgt von Matt.}) 25. Rd7 {Alles schon einmal vorgekommen: 1-0 (25)
Werle,J (2457)-Tischbierek,R (2477) Germany 2005} 1-0

[Event "Saint Louis blitz"]
[Site "Saint Louis"]
[Date "2017.08.17"]
[Round "4"]
[White "Nepomniachtchi, Ian"]
[Black "Navara, David"]
[Result "1-0"]
[WhiteElo "2751"]
[BlackElo "2737"]
[PlyCount "95"]
[EventDate "2017.08.17"]
[EventType "tourn (blitz)"]
[EventRounds "18"]
[EventCountry "USA"]
[EventCategory "21"]
[SourceTitle "CBM 180"]
[Source "ChessBase"]
[SourceDate "2017.09.13"]
[SourceVersion "1"]
[SourceVersionDate "2017.09.13"]
[SourceQuality "1"]

1. e4 c6 2. d4 d5 3. e5 c5 4. dxc5 Nc6 5. a3 Nxe5 6. b4 Nf6 7. Bb2 Nc6 8. Nf3
g6 9. Nc3 d4 10. Nb5 e5 11. Qe2 Bg4 12. O-O-O Bh6+ 13. Kb1 O-O 14. h3 Bxf3 15.
Qxf3 a5 16. Bc4 axb4 17. axb4 Nxb4 18. Nd6 Nc6 19. Rhe1 Bg7 20. g4 Qe7 21. c3
dxc3 22. Qxc3 Ra5 23. f4 Rxc5 24. Bxf7+ Qxf7 25. Qxc5 Nd7 26. Qb5 Qxf4 27. Rf1
Qb4 28. Qd5+ Kh8 29. Nf7+ Rxf7 30. Rxf7 Nf6 31. Qd6 Qe4+ 32. Qd3 Qa4 33. Rxb7
Nb4 34. Rxb4 Qxb4 35. Rc1 e4 36. Qd4 Qb8 37. Qe5 Qd8 38. Qb5 h6 39. Qb7 Qd3+
40. Ka1 Ne8 41. Rc8 Qa3+ 42. Kb1 Qd3+ 43. Ka2 Kh7 44. Rxe8 Qc4+ 45. Qb3 Qa6+
46. Kb1 Qf1+ 47. Bc1 Qe2 48. Qg8# 1-0

[Event "Amber-rapid 09th"]
[Site "Monte Carlo"]
[Date "2000.03.21"]
[Round "5"]
[White "Shirov, Alexei"]
[Black "Van Wely, Loek"]
[Result "1-0"]
[WhiteElo "2751"]
[BlackElo "2646"]
[Annotator "Van Wely/Cifuentes"]
[PlyCount "51"]
[EventDate "2000.03.16"]
[EventType "tourn (rapid)"]
[EventRounds "11"]
[EventCountry "MNC"]
[EventCategory "18"]
[SourceTitle "CBM 076"]
[Source "ChessBase"]
[SourceDate "2000.05.31"]
[SourceVersion "1"]
[SourceVersionDate "2000.05.31"]
[SourceQuality "1"]

1. e4 {Ftacnik} c5 2. Nf3 d6 3. d4 cxd4 4. Nxd4 Nf6 5. Nc3 a6 6. Be3 e6 7. g4
e5 8. Nf5 g6 9. g5 gxf5 10. exf5 d5 $8 (10... Ng8 11. Nd5 $1 Bxf5 (11... Nd7
12. Qf3 $36 (12. Qf3 Ne7 13. Bb6 $1 $18)) 12. Bb6 Qc8 13. Nc7+ Ke7 14. Nxa8 Nd7
15. Bc7 Qxa8 16. Bxd6+ (16. Qxd6+ $2 Ke8 17. Qd5 Ne7 18. Qf3 Qc8 $19) 16... Ke8
17. Bxf8 Nxf8 (17... Kxf8 18. Qd6+ Kg7 19. O-O-O $36) 18. Qe2 $13) (10... Nfd7
11. Qh5 $1 {/\ Bc4, g6|^}) 11. gxf6 d4 12. Bc4 Qc7 13. Qd3 dxe3 14. O-O-O (14.
fxe3 b5 (14... Bb4 15. O-O-O Bxc3 16. Qxc3 Nc6 17. Rhg1 Bxf5 18. Rg5 Bg6 19. h4
Rd8 $2 (19... h6) 20. Bd5 Rd7 21. Bxc6 bxc6 22. Rxe5+ Kd8 23. Rxd7+ Qxd7 24. h5
$16 {Shirov,A-Van Wely,L/Varsovia active 2000}) 15. Bd5 (15. Bb3 Bb7 16. Nd5
Qa5+ 17. c3 Nd7 18. O-O-O Nc5 19. Qc2 O-O-O 20. Rhg1 Bh6 21. Rg7 Nxb3+ 22. Qxb3
Bxd5 23. Rxd5 Qb6 24. Rxe5 Qd6 {0-1 Shirov,A-Anand,V/Monte Carlo 1999/CBM 69
ext (24)}) 15... Nc6 16. O-O-O Bb7 17. Be6 Nb4 18. Qd7+ Qxd7 19. Bxd7+ Kd8 20.
Bc6+ Kc7 21. Bxb7 Kxb7 22. a3 Nc6 23. Rd7+ Kc8 24. Rxf7 Nd8 25. Rg7 Bxg7 26.
fxg7 Rg8 27. f6 Kd7 28. Nd5 Nf7 29. Nb6+ Ke6 30. Nxa8 Rxa8 31. Rf1 Nh6 32. e4
Kf7 33. h3 Ng8 34. Rf5 Re8 35. a4 bxa4 36. Kb1 Nxf6 37. g8=Q+ Rxg8 38. Rxe5 Re8
39. Ra5 Rxe4 40. Rxa6 h5 41. Ka2 Rh4 42. Ka3 Nd5 43. Rxa4 Rxh3+ 44. Ka2 h4 45.
c4 Ne3 46. c5 Ke6 47. Re4+ Kd5 48. Re8 Kxc5 49. Rc8+ Kb6 50. Rh8 Ng2 51. b3 Rg3
52. Ka3 h3 53. Rh6+ Kb5 54. Rh5+ Kc6 55. Rh6+ Kd5 56. Ka4 Ne3 57. b4 Ng4 58.
Rh8 h2 59. b5 Rg1 {0-1 Hracek,Z-Kavalek,L/Ceska Trebova 1998/EXT 99 (59)}) (14.
f4 Bb4 15. O-O-O Bxc3 16. bxc3 Nc6 17. Rhg1 e2 18. Qxe2 Bxf5 19. Qh5 Be4 20.
fxe5 Na5 21. Be6 Rf8 22. Bd7+ Qxd7 23. Rxd7 Kxd7 24. Qg4+ {1-0 Van den Doel,
E-Van Wely,L/Dieren 1999}) 14... exf2 (14... Nc6 15. Nd5 Qa5 16. f4 Bh6 17. Kb1
b5 18. fxe5 e2 19. Qxe2 Bb7 20. Bb3 O-O-O 21. e6 Rhe8 22. Qh5 Nb4 23. Ne7+ Kb8
24. Qxh6 Bxh1 25. Rxh1 fxe6 26. a3 {1-0 Gallagher,J-Shneider,A/Bern 1995/CBM
46 ext (26)}) (14... Bh6 15. Bxf7+ Kxf7 16. Qd5+ Kxf6 17. Ne4+ Ke7 18. f6+ Ke8
19. Nd6+ Kf8 20. Qxe5 e2+ 21. Kb1 exd1=Q+ 22. Rxd1 Be6 23. f7 Bxf7 24. Qxh8+
Ke7 25. Qxh7 Qxd6 26. Rxd6 Bf8 27. Rd3 {1-0 Soot,M-Shishkov,A/Tallinn 1997/EXT
98 (27)}) 15. Bxf7+ $5 {'!' Ftacnik.} Kxf7 16. Qd5+ Kxf6 $1 (16... Ke8 $143 17.
f7+ Ke7 18. Qf3 Bh6+ 19. Kb1 Kf8 20. Qxf2 Nd7 (20... Nc6 21. Qh4 Bf4 22. Qf6
Qxf7 23. Qxh8+ Qg8 24. Qf6+ Qf7 25. Qh8+ Qg8 26. Qf6+ {1/2-1/2 Movsesian,
S-Ribli,Z/ch-AUT (team), Melk AUT 1999 (26)}) 21. Ne4 Bg7 22. Rhg1 Nf6 23. Qg3
Qxf7 (23... Nh5 24. Qa3+ Kxf7 (24... Qe7 $4 25. Rd8+ Kxf7 26. Qb3+ $18) 25.
Nd6+ Kf6 (25... Kg8 26. Ne8 Qxc2+ 27. Kxc2 Bxf5+ $13) 26. Qh3 $18) 24. Qa3+ Qe7
(24... Kg8 25. Rd8+ Ne8 26. Nd6 $18) 25. Qxe7+ Kxe7 26. Rxg7+ Kf8 27. Rc7 Ne8
28. Rd8 Rg8 29. Ng3 Rg4 30. Rxh7 Rd4 31. Rh8+ Kf7 32. Rhxe8 Bd7 33. Kc1 Bxe8
34. Rxa8 $14 {1/2-1/2 Shirov,A-Polgar,J/Dortmund 1996 (56)}) 17. Ne4+ Ke7 $8 (
17... Kg7 $4 18. Rhg1+ fxg1=Q 19. Rxg1+ $18 Kh6 20. Qd2+ Kh5 21. Qg5#) (17...
Kxf5 $2 18. Rhf1 Bh6+ 19. Kb1 Bf4 20. Rxf2 Qe7 21. Rxf4+ $1 Kxf4 22. Rf1+ Kg4
23. Nf6+ $18) 18. Nd6 Bh6+ 19. Kb1 Kf6 20. Rhf1 $146 {Ftacnik: 'Shirov is very
fond of this ultrasharp line, where the outcome balances between draw and
dangerous attack. White must beware to get enough compensation for the mass of
sacrificed material, but for the moment all black pieces are still sleeping.'}
(20. Ne4+ Ke7 (20... Kg7 $5 21. f6+ Kg6 $13 (21... Kf8 22. Qd8+ Qxd8 23. Rxd8+
Kf7 24. Rxh8 Bf5 25. Nd6+ Kxf6 26. Rf1 Bf4 27. Rxf2 b5 28. Nxf5 Kxf5 29. Rg2
$16)) 21. Nd6 Kf6 22. Ne4+ Ke7 23. Nd6 {1/2-1/2 Gormally,D-Kaufman,L/Hampstead
1998/EXT 99 (23)}) 20... Rf8 (20... Nc6 $5 21. Ne4+ Kg7 22. f6+ Kf8 (22... Kg6)
23. Qc5+ Kf7 (23... Kg8)) (20... Bxf5 {Ftacnik} 21. Rxf2 Bf4 22. Nxf5 Nc6 23.
Nd6 $13) 21. Rxf2 Nc6 (21... Bf4 $2 {Ftacnik} 22. Rxf4 exf4 23. Qd4+ $18) 22.
Qc4 Bf4 $4 {Ftacnik: 'One step can cost the life in such a dangerous position,
the punsihment is quite simple. '} (22... Kg7 $1 23. Rg1+ Kh8 24. Rfg2 Bg7 $1 (
24... Bxf5 25. Nxf5 Bf4 26. Rg7 Qxg7 $1 27. Rxg7 (27. Nxg7 Rg8) 27... Rxf5 28.
Rxb7 Rg8 29. a3 $13) 25. Rxg7 (25. f6 Rxf6 26. Rxg7 Qxg7 27. Rxg7 Be6) 25...
Qxg7 26. Rxg7 Kxg7 27. Qg4+ Kh8 28. Qg5 (28. b3 Rf6) (28. Qh5 Be6) 28... Be6 $1
29. b3 Rad8 30. Qh6 $1 Bxf5 (30... Bc8 31. f6) 31. Nxb7 Rc8 (31... Bg6 32. Nxd8
Rxd8 33. h4 Kg8 34. h5 Rd1+ 35. Kb2 Rh1 36. Qd2) 32. Nd6 Bxc2+ 33. Kxc2 Rf2+
34. Kd3 Rcf8 (34... Nb4+ 35. Ke4) 35. Nf7+ R2xf7 (35... R8xf7 36. Qxc6 Rxa2 37.
Qe8+ Kg7 38. Qxe5+) 36. Qxc6 Rf6 37. Qd7 $13) 23. Rxf4 $1 exf4 24. Qc3+ Kg5 25.
Rg1+ Kh4 26. Qf3 1-0

[Event "Linares 16th"]
[Site "Linares"]
[Date "1999.03.06"]
[Round "11"]
[White "Kramnik, Vladimir"]
[Black "Kasparov, Garry"]
[Result "1/2-1/2"]
[WhiteElo "2751"]
[BlackElo "2812"]
[Annotator "Krasenkow,M"]
[PlyCount "70"]
[EventDate "1999.02.21"]
[EventType "tourn"]
[EventRounds "14"]
[EventCountry "ESP"]
[EventCategory "20"]
[SourceTitle "CBM 070"]
[Source "ChessBase"]
[SourceDate "1999.06.08"]
[SourceVersion "1"]
[SourceVersionDate "1999.06.08"]
[SourceQuality "1"]

1. d4 {Ftacnik} Nf6 2. c4 g6 3. Nc3 d5 4. cxd5 Nxd5 5. e4 Nxc3 6. bxc3 Bg7 7.
Bc4 c5 8. Ne2 Nc6 9. Be3 O-O 10. O-O Bg4 11. f3 Na5 12. Bxf7+ Rxf7 13. fxg4
Rxf1+ 14. Kxf1 cxd4 15. cxd4 e5 16. d5 Nc4 17. Qd3 Nxe3+ 18. Qxe3 Qh4 {If
White manages to consolidate his position (transpose his knight to f3 and
start his d-pawn), he will be obviously better. Black should urgently create
counterplay.} 19. h3 (19. Qg3 Rf8+ 20. Kg1 Qxg3 21. Nxg3 Bh6 22. Rf1 Be3+ 23.
Kh1 Rc8 24. h4 Rc2 25. Rf3 Bc5 {0-1 Tuchtfeld,J-Stephan,A/OLNN 1993 (42)}) (19.
Kg1 $5 {Ftacnik} Qxg4 20. Rc1 Bh6 21. Qxh6 Qxe2 22. h3 $36) 19... Bh6 (19... b6
20. Kg1 Bf8 21. Kh1 Bc5 22. Qd3 Qf6 23. Ng1 Qf2 24. Nf3 Bd6 25. Qa6 Rf8 26. Ng5
Qe3 27. Ne6 Qc3 28. Rg1 Rf7 29. Ng5 Re7 30. Rf1 {1-0 Nenashev,A-Conquest,S/
Open, Groningen NED 1997 (36). The game shows how White can fulfil his plan if
Black plays inaccurately.}) 20. Qd3 Rf8+ 21. Kg1 Qf2+ 22. Kh1 Qe3 $1 {The
exchange of queens is favourable for Black as his king becomes safe and his
queenside pawn advantage becomes important.} 23. Qc4 (23. Qxe3 Bxe3 24. Rd1 Rf2
25. Ng1 Kf7 26. Rd3 Bb6 27. Rf3+ Ke7 28. Rxf2 Bxf2 29. Nf3 Kd6 $11 {1/2-1/2
Kramnik,V-Shirov,A/WCC cand Cazorla 1998 (33)}) 23... b5 $1 (23... Rf2 $2 24.
d6+) 24. Qxb5 Rf2 25. Qe8+ Bf8 $1 $146 {An important improvement comparing to}
(25... Rf8 26. Qe6+ Kh8 27. g5 $1 Bxg5 28. Qxe5+ Bf6 29. Qd6 Bg7 30. Ng1 Qxe4
31. Rc1 $16 {1/2-1/2 Van Wely,L-Shirov,A/EUCup final/Belgrade/1999 (44)}) 26.
Qe6+ (26. d6 $5 {Ftacnik} Qxe2 27. d7 Qxe4 28. Rg1 Rf3 29. Qe6+ Kh8 30. g5 Be7
31. gxf3 Qxf3+ 32. Rg2 Qf1+ 33. Kh2 Qf4+ $11) 26... Kh8 27. d6 Qxe2 (27... Qxe4
28. Rg1 Bxd6 29. Qxd6 Qxe2 {is also a draw}) 28. Qxe5+ Bg7 {'!' Ftacnik.
Ftacnik: 'Kasparov's opening preparation goes to the mindbogling depths. The
world champion knows enough about this long line to be sure not to lose the
game.'} (28... Kg8 {Ftacnik} 29. Qd5+ Kg7 30. d7 Be7 31. d8=Q Bxd8 32. Qxd8
Qxe4 (32... Rf1+ 33. Kh2 $1) 33. Qc7+ $14) 29. Qe8+ Rf8 30. d7 Qd3 31. e5 h6 {
'!' Ftacnik.} 32. e6 Kh7 33. Rg1 Rf3 {'!' Ftacnik. Ftacnik: 'The main
equalizing idea is connected with the perpetual check to the white king.'} 34.
Qb8 Rxh3+ 35. gxh3 Qe4+ 1/2-1/2